| 000 | 00575nam a2200205 a 4500 | ||
|---|---|---|---|
| 001 | BRCA_4002 | ||
| 005 | 20190320204517.0 | ||
| 008 | 160110s1962----nyu#######---#000-0#eng-# | ||
| 041 | _aeng | ||
| 044 | _anyu | ||
| 050 | 4 |
_aPZ1 _b.R43 1962 |
|
| 245 | 1 | 0 |
_aTo be Read Before Midnight _b21 stories from Ellery Queen´s Mystery Magazine _cedited by Ellery Queen. |
| 260 |
_aNueva York _bRandom House _c1962 |
||
| 300 |
_a313 p. _c21 cm. |
||
| 500 | _aCEF12 | ||
| 650 | 1 | 4 |
_aNovelas policĂacas _9877 |
| 700 | 1 |
_aQueen, Ellery _eEditor _910407 |
|
| 902 | _aGFM | ||
| 942 |
_2lcc _cB |
||
| 999 |
_c3728 _d3728 |
||